| 000 | 00674nac a22002171u 4500 | ||
|---|---|---|---|
| 010 | _a 85082103 | ||
| 020 | _a0912212128 : | ||
| 082 | 0 | 0 |
_a628.925 _bMAH |
| 090 |
_c7211 _d7211 |
||
| 100 | _aMahoney, Gene, | ||
| 245 | 1 | 0 |
_aIntroduction to fire apparatus and equipment / _cGene Mahoney. |
| 250 | _a2nd ed. | ||
| 260 |
_aNew York : _bFire Engineering,1986 _c1986. |
||
| 300 |
_axv, 509 p. : _bill. ; _c24 cm. |
||
| 500 | _aIncludes index. | ||
| 500 | _adistributer: Al-Ahram | ||
| 511 | _acatalogued by: wessam | ||
| 650 | 0 | _aFire engines. | |
| 650 | 0 |
_aFire extinction _xEquipment and supplies. |
|
| 942 |
_cBB _k628.925MAH |
||
| 999 |
_c7211 _d7211 |
||